000
00301nam a2200109Ia 4500
008
220217s9999 xx 000 0 und d
245
0
_a
Specification for rubber tubings for general purposes. (Revised).
260
_c
1965
500
_a
Standard number: IS 637
650
_a
Rubber tubings
942
_c
ST
999
_c
73889
_d
73889